000
00261nam a2200109Ia 4500
008
240625s9999 xx 000 0 und d
041
_a
eng
082
_a
658.4092 HRD
100
_a
MULTIMEDIA HRD
245
_a
LEADERSHIP IN THE MOVIES 6 DVD SET
260
_c
2013
999
_c
34958
_d
34958